000
00267nam a22001217a 4500
008
180831b xxu||||| |||| 00| 0 eng d
041
_a
eng
080
_a
159.9
100
_a
48
101
_a
PSI
245
_a
The Science of Ourselves
_c
McBain, W.N
942
_2
udc
_c
BK
999
_c
47412
_d
47412